00482 2200181 4500001002100000008004100021035002000062245005300082100002600135250000700161260003000168300002500198020002200223084001400245082000800259650001800267990001500285INLIS000000000003410 ind  a0010-0526000033 aX-Press TKA Bahasa InggriscWaskito Imam Nugroho aNugroho, Waskito Imam a25 aJakarta :bErlanggac2049 a95 hlmc21 x 25.5 cm a978-623-522-810-5 a420 WAS x a420 aBahasa Inggis a20139/B/26